[Event "Montevideo op"]
[Site "Montevideo"]
[Date "2023.03.15"]
[Round "3"]
[White "Paiva, Gaston"]
[Black "Espindola, Mathias"]
[Result "1-0"]
[WhiteElo "1384"]
[BlackElo "1639"]
[PlyCount "85"]
[EventDate "2023.03.01"]
[EventType "swiss"]
[EventRounds "5"]
[EventCountry "URU"]
[SourceTitle "EXT 2024"]
[Source "ChessBase"]
[SourceDate "2023.10.10"]
[SourceVersion "1"]
[SourceVersionDate "2023.10.10"]
[SourceQuality "1"]

1. d4 d5 2. c4 e6 3. Nc3 c6 4. Nf3 dxc4 5. a4 Bb4 6. e3 b5 7. Bd2 Bxc3 8. Bxc3 Nf6 9. axb5 cxb5 10. b3 Ne4 11. Ba5 Qd5 12. bxc4 bxc4 13. Qa4+ Bd7 14. Qxc4 Qxc4 15. Bxc4 Nc6 16. 0-0 Nxa5 17. Rxa5 0-0 18. Rfa1 Rfc8 19. Bd3 Bc6 20. Rxa7 Rxa7 21. Rxa7 Bd5 22. h3 Rc1+ 23. Bf1 Nc3 24. Nd2 Ne2+ 25. Kh2 Rd1 26. Bxe2 Rxd2 27. Bc4 Kf8 28. Bxd5 exd5 29. Kg3 Rb2 30. Ra5 Rb6 31. Rxd5 Rg6+ 32. Kf3 Rf6+ 33. Ke2 Ke7 34. f4 Ke6 35. Re5+ Kd6 36. Kf3 h6 37. e4 g5 38. Rf5 Rxf5 39. exf5 Kd5 40. fxg5 hxg5 41. Kg4 f6 42. g3 Kxd4 43. h4 1-0

[Event "Montevideo op"]
[Site "Montevideo"]
[Date "2023.03.08"]
[Round "2"]
[White "Espindola, Mathias"]
[Black "Lanzilotta, Filippo"]
[Result "1/2-1/2"]
[WhiteElo "1639"]
[BlackElo "1481"]
[PlyCount "75"]
[EventDate "2023.03.01"]
[EventType "swiss"]
[EventRounds "5"]
[EventCountry "URU"]
[SourceTitle "EXT 2024"]
[Source "ChessBase"]
[SourceDate "2023.10.10"]
[SourceVersion "1"]
[SourceVersionDate "2023.10.10"]
[SourceQuality "1"]

1. d4 d5 2. Bf4 Nf6 3. e3 c5 4. c3 Bf5 5. Bd3 Bxd3 6. Qxd3 Nc6 7. Nf3 e6 8. Nbd2 Be7 9. h3 0-0 10. a4 a5 11. dxc5 Bxc5 12. Qb5 Qb6 13. Qxb6 Bxb6 14. 0-0 Rac8 15. Nd4 Nh5 16. Nxc6 bxc6 17. Bh2 Bc7 18. Bxc7 Rxc7 19. Nb3 Ra8 20. Nc5 Nf6 21. b4 Nd7 22. Nxd7 Rxd7 23. Rfd1 Rb7 24. bxa5 Rxa5 25. Rdb1 Rxb1+ 26. Rxb1 g6 27. Rb6 Rxa4 28. Rxc6 Rc4 29. Rxc4 dxc4 30. e4 e5 31. f3 Kf8 32. Kf2 Ke7 33. Ke3 Kd6 34. g4 g5 35. Kd2 Kc5 36. Kc2 Kb5 37. Kb2 Ka4 38. Ka2 1/2-1/2

[Event "URU-chTB"]
[Site "Montevideo"]
[Date "2018.07.08"]
[Round "5.14"]
[White "Espindola, Mathias"]
[Black "Hernandez, Rafael"]
[Result "0-1"]
[WhiteElo "1642"]
[BlackElo "1866"]
[PlyCount "88"]
[EventDate "2018.07.06"]
[EventType "team-swiss"]
[EventRounds "5"]
[EventCountry "URU"]
[SourceTitle "EXT 2019"]
[Source "ChessBase"]
[SourceDate "2018.10.10"]
[SourceVersion "1"]
[SourceVersionDate "2018.10.10"]
[SourceQuality "1"]
[WhiteTeam "Zwischenzug"]
[BlackTeam "Udelar"]
[WhiteTeamCountry "URU"]
[BlackTeamCountry "URU"]

1. d4 f5 2. Bf4 Nf6 3. e3 e6 4. Nf3 b6 5. Bd3 Bb7 6. 0-0 Be7 7. c4 0-0 8. h3 d6 9. Nc3 Ne4 10. Bxe4 fxe4 11. Nd2 d5 12. Nb5 Na6 13. cxd5 exd5 14. Qb3 Kh8 15. Nc3 c5 16. a3 cxd4 17. exd4 Rxf4 18. Ne2 Rf8 19. Rac1 Bg5 20. Rc2 Qe7 21. f4 exf3 22. Nxf3 Qe3+ 23. Qxe3 Bxe3+ 24. Kh1 Rac8 25. Rxc8 Bxc8 26. Re1 Bh6 27. Nc3 Nb8 28. Ne5 Bd2 29. Rd1 Bxc3 30. bxc3 Nd7 31. Nxd7 Bxd7 32. Re1 Re8 33. Rxe8+ Bxe8 34. Kh2 Kg8 35. Kg3 Kf7 36. Kf4 Ke6 37. g4 Bg6 38. h4 Kd6 39. g5 Bd3 40. h5 Be2 41. h6 gxh6 42. gxh6 Ke6 43. Kg5 b5 44. Kf4 Kf6 0-1

[Event "URU-chT Interclubes Serie B"]
[Site "Montevideo"]
[Date "2016.09.24"]
[Round "4.34"]
[White "De Cuadro, Dionisio"]
[Black "Espindola, Mathias"]
[Result "1-0"]
[WhiteElo "1688"]
[BlackElo "1667"]
[PlyCount "93"]
[EventDate "2016.09.23"]
[EventType "swiss"]
[EventRounds "5"]
[EventCountry "URU"]
[SourceTitle "EXT 2024"]
[Source "ChessBase"]
[SourceDate "2023.10.10"]
[SourceVersion "1"]
[SourceVersionDate "2023.10.10"]
[SourceQuality "1"]

1. Nf3 Nf6 2. d4 e6 3. Bf4 c5 4. e3 b6 5. Bd3 Ba6 6. c4 d5 7. Bxb8 Rxb8 8. Qa4+ Qd7 9. Qxa6 cxd4 10. Qb5 Qxb5 11. cxb5 dxe3 12. fxe3 Bb4+ 13. Nc3 Rc8 14. Rc1 Ng4 15. Ke2 Bc5 16. Nd1 Ke7 17. h3 Nf6 18. Ne5 Nh5 19. Kf3 Kf8 20. Nd7+ Ke7 21. Nxc5 Rxc5 22. Rxc5 bxc5 23. Nc3 c4 24. Bc2 Nf6 25. Rd1 Rd8 26. a4 Nd7 27. e4 d4 28. Rxd4 Ne5+ 29. Ke3 Rxd4 30. Kxd4 f6 31. b3 cxb3 32. Bxb3 Kd6 33. Ne2 g5 34. a5 Nd7 35. Ke3 e5 36. Nc3 Kc5 37. Kd3 Kb4 38. Kc2 Kxa5 39. Bd5 Nc5 40. Bc6 h5 41. g3 h4 42. gxh4 gxh4 43. Kd2 a6 44. bxa6 Kxa6 45. Ke3 Kb6 46. Be8 Ne6 47. Nd5+ 1-0